00960nam a22002537a 4500003000900000008004100009040007100050082001900121100001900140245005600159260002800215300004400243505021500287650001700502650002900519650002300548650001500571700002700586700001900613700001700632700001700649700002000666700002000686AR-CdUCM190226b ||||| |||| 00| 0 spa d aMUNICIPALIDAD PROVINCIAL DEL CUSCOcBIBLIOTECA MUNICIPAL DEL CUSCO a980.013 /bZ42 aZapata, Roger  aImágenes de la resistencia indígena y esclava / aPerú :bWari ,c1990. a234 páginas ;bFotografías.c20 cm. aLa construcción del mito de Inkarrí -- Retórica y resistencia pictórica -- El grabado y la polémica en los escritos sobre el Perú -- Huaman Poma y la situación de los curacas durante la colonia... aHuaman Poma. aResistencia pictórica. aGrabados peruanos. aYucatán. aVásquez, Juan Adolfo aAdorno, Rolena aGubler, Ruth aPreuss, Mary aGraden, Dale T. aKrueger, Robert